Holding Pripomenutie poznatkov pre formovanie postoja k tejto téme
Definovanie pojmu holding - holdingová spoločnosť národohospodárskymi teoretikmi: Prof. Briškom, R. a Prof. Šíblom, D. Vymedzenie holdingovej spoločnosti Zväzom priemyslu SR. Podnikateľská orientácia holdingu. Poslanie a funkcie holdingovej spoločnosti. Spôsob vzniku holdingu.
Salvato in:
| Autore principale: | |
|---|---|
| Altri autori: | |
| Natura: | Capitolo di libro |
| Lingua: | slovacco |
| Soggetti: | |
| Tags: |
Nessun Tag, puoi essere il primo ad aggiungerne!!
|
MARC
| LEADER | 00000naa a2200000 4500 | ||
|---|---|---|---|
| 001 | r025855 | ||
| 005 | 20230825100543.2 | ||
| 041 | 0 | |a slo | |
| 044 | |a SK | ||
| 245 | 1 | 0 | |a Holding |b Pripomenutie poznatkov pre formovanie postoja k tejto téme |c František Lipták, Štefan Kassay |
| 520 | |a Definovanie pojmu holding - holdingová spoločnosť národohospodárskymi teoretikmi: Prof. Briškom, R. a Prof. Šíblom, D. Vymedzenie holdingovej spoločnosti Zväzom priemyslu SR. Podnikateľská orientácia holdingu. Poslanie a funkcie holdingovej spoločnosti. Spôsob vzniku holdingu. | ||
| 610 | 2 | 0 | |a spoločnosti holdingové |
| 610 | 2 | 0 | |a pojmy |
| 610 | 2 | 0 | |a Briška, R. |
| 610 | 2 | 0 | |a Šíbl, D. |
| 610 | 2 | 0 | |a riadenie strategické |
| 610 | 2 | 0 | |a politika finančná |
| 610 | 2 | 0 | |a spoločnosti dcérske |
| 610 | 2 | 0 | |a riadenie podľa cieľov |
| 610 | 2 | 0 | |a zámery podnikateľské |
| 100 | 1 | |a Lipták, František | |
| 700 | 1 | |a Kassay, Štefan | |